Datum a čas kvízu

27.5 Celkem bodů Celkový počet nahraných bodů na tomto kvízu bez doplňovacích otázek.
8. Pořadí na kvízu Konečné umístění týmu na tomto kvízu.

Zaznamenané odpovědi

# Otázka Odpověď Body Výsledky
1. Národní park České Švýcarsko z... rysa ostrovida 0
2. Německý turista neuspěl se svo... C 0
3. Na snímku vidíme umělce jménem... Banksy 1
4. Jak se jmenuje nový moderátor... Martin Řezníček 1
5. Minulý týden bylo oznámeno, že... Rytíře Kladno 1
1. Vítězné téma „vražedně“ těsnéh... Hercule Poirot 1
2. Fiktivní detektiv třetí třídy... Ed McBain, New York 0
3. Přiřaďte autory severských det... 1D 2B 3C 4A 0
4. Stopy, kořist, smrt, ticho, zl... Dokonalý (Dokonalá/Dokonalé), Helen Fields 0
5. Jednou z nejúspěšnějších český... Zmizela v mlze (Norsko), Ostrov šedých mnichů (Nizozemsko) 0